<?xml version="1.0" encoding="UTF-8"?>
<collection xmlns:xsi="http://www.w3.org/2001/XMLSchema-instance" xsi:schemaLocation="http://www.loc.gov/MARC21/slim http://www.loc.gov/standards/marcxml/schema/MARC21slim.xsd" xmlns="http://www.loc.gov/MARC21/slim">
 <record>
  <leader>00000cam a22000001a 4500</leader>
  <controlfield tag="001">UP-8027390931316213278</controlfield>
  <controlfield tag="003">Buklod</controlfield>
  <controlfield tag="005">20260210144217.0</controlfield>
  <controlfield tag="006">a     r    |||| u|</controlfield>
  <controlfield tag="007">ta</controlfield>
  <controlfield tag="008">730123s1940    nyua    rb   |001 0|eng d</controlfield>
  <datafield tag="035" ind1=" " ind2=" ">
   <subfield code="a">(iLib)UPMIN-00004928465</subfield>
  </datafield>
  <datafield tag="040" ind1=" " ind2=" ">
   <subfield code="a">DLC</subfield>
   <subfield code="c">ODaWU</subfield>
   <subfield code="d">OCoLC</subfield>
   <subfield code="d">PP</subfield>
   <subfield code="d">DLC</subfield>
  </datafield>
  <datafield tag="041" ind1="1" ind2=" ">
   <subfield code="a">eng</subfield>
   <subfield code="h">ger</subfield>
  </datafield>
  <datafield tag="042" ind1=" " ind2=" ">
   <subfield code="a">premarc</subfield>
  </datafield>
  <datafield tag="082" ind1="0" ind2=" ">
   <subfield code="a">501</subfield>
  </datafield>
  <datafield tag="090" ind1=" " ind2="0">
   <subfield code="a">Q175</subfield>
   <subfield code="b">E48</subfield>
  </datafield>
  <datafield tag="100" ind1="1" ind2=" ">
   <subfield code="a">Engels, Friedrich</subfield>
   <subfield code="d">1820-1895.</subfield>
  </datafield>
  <datafield tag="245" ind1="1" ind2="0">
   <subfield code="a">Dialectics of nature</subfield>
   <subfield code="c">by Frederick Engels; translated and edited by Clemens Dutt with a preface and notes by J.B.S. Haldane, F.R.S.</subfield>
  </datafield>
  <datafield tag="264" ind1=" " ind2="1">
   <subfield code="a">New York</subfield>
   <subfield code="b">International Publishers</subfield>
   <subfield code="c">[c1940]</subfield>
  </datafield>
  <datafield tag="300" ind1=" " ind2=" ">
   <subfield code="a">xvi, 383 p.</subfield>
   <subfield code="b">diagr.</subfield>
   <subfield code="c">22 cm.</subfield>
  </datafield>
  <datafield tag="505" ind1="0" ind2=" ">
   <subfield code="a">Introduction.--Dialectics.--Basic forms of motion.--The measure of motion--work.--Heat.--Electricity.--Dialectics of nature--notes.--Tidal friction, Kant and Thomson-Tait on the rotation of the earth and lunar attraction.--The part played by labour in the transition from ape to man.--Natural science and the spirit world [from a manuscript of Engels probably written in 1878, and first published in the &quot;Illustrierter neue welt-kalender fuÃàr das jahr 1898&quot;]--Appendices: I. Notes to Anti-DuÃàhring, hitherto unpublished in English. II. Source references (p. 329-370).--Bibliography (p. 371-375)--Index.</subfield>
  </datafield>
  <datafield tag="650" ind1=" " ind2="0">
   <subfield code="a">Dialectic (Science)</subfield>
  </datafield>
  <datafield tag="650" ind1=" " ind2="0">
   <subfield code="a">Science</subfield>
   <subfield code="x">Philosophy.</subfield>
  </datafield>
  <datafield tag="700" ind1="1" ind2=" ">
   <subfield code="a">Dutt, C. P.</subfield>
   <subfield code="q">(Clemens Palme)</subfield>
   <subfield code="e">ed. and tr.</subfield>
  </datafield>
  <datafield tag="700" ind1="1" ind2=" ">
   <subfield code="a">Haldane, J. B. S.</subfield>
   <subfield code="q">(John Burdon Sanderson)</subfield>
   <subfield code="d">1892-1964.</subfield>
  </datafield>
  <datafield tag="852" ind1="0" ind2=" ">
   <subfield code="a">UPMIN</subfield>
   <subfield code="b">UPMIN-MAIN</subfield>
   <subfield code="h">Q175</subfield>
   <subfield code="i">.E48</subfield>
  </datafield>
  <datafield tag="942" ind1=" " ind2=" ">
   <subfield code="a">Book</subfield>
  </datafield>
 </record>
</collection>
